000 00659nam a22002297a 4500
001 sjds
003 sjds
005 20221221195413.0
008 220729b ck ||||| |||| 00| 0 spa d
020 _a9789583000157
020 _a9583000159
040 _csjds
041 _aspa
100 1 0 _aPerea Rosero, TucĂ­dides
245 _aVoleibol :
_breglas aprobadas por la FIVB /
_cTucidides Perea Rosero
246 _aReglamento de Voleibol
260 _aSantafe de Bogota :
_bPanamericana Editorial,
_c 2000
300 _a144 p. :
_b il. ;
_c 16 cm.
440 _aReglamento oficial ilustrado,
_n 1.
650 _aVoleibol
_xReglamentos.
942 _cBK
_2ddc
999 _c27289
_d27289